| Tag |
First Indicator |
Second Indicator |
Subfields |
| LEADER |
00000cam a2200000 4500 |
| 001 |
in00000428421 |
| 005 |
20151012054548.0 |
| 008 |
700604c19701969nyuacf 00110 eng |
| 010 |
|
|
|a 70094125
|
| 020 |
|
|
|a 0800854608
|
| 035 |
|
|
|a (OCoLC)00078263
|
| 035 |
|
|
|9 ABU7987AM
|
| 040 |
|
|
|a DLC
|c DLC
|d m.c.
|d OCL
|d TXA
|d UtOrBLW
|
| 049 |
|
|
|a TXAM
|c [A09429648]
|
| 050 |
0 |
0 |
|a ML89
|b .M35 1970
|
| 082 |
0 |
|
|a 782.8/1/09421
|
| 100 |
1 |
|
|a Mander, Raymond.
|
| 245 |
1 |
0 |
|a Musical comedy ;
|b a story in pictures /
|c by Raymond Mander & Joe Mitchenson. Foreword by Noel Coward.
|
| 264 |
|
1 |
|a New York :
|b Taplinger Pub. Co.,
|c 1970
|
| 264 |
|
4 |
|c ©1969
|
| 300 |
|
|
|a 64 pages, 114 unnumbered pages of plates :
|b illustrations, portraits ;
|c 26 cm.
|
| 336 |
|
|
|a text
|b txt
|2 rdacontent
|
| 337 |
|
|
|a unmediated
|b n
|2 rdamedia
|
| 338 |
|
|
|a volume
|b nc
|2 rdacarrier
|
| 500 |
|
|
|a Includes index.
|
| 650 |
|
0 |
|a Musicals
|x History and criticism
|z England
|z London
|x Pictorial works.
|
| 650 |
|
0 |
|a Revues
|x History and criticism
|z England
|z London
|x Pictorial works.
|
| 700 |
1 |
|
|a Mitchenson, Joe.
|
| 999 |
|
|
|a MARS
|
| 999 |
f |
f |
|s 1b5c821a-5cc4-3ae0-bf8d-13b99141f340
|i 01e47ba5-47a3-34cf-bae2-ca26dcfae956
|t 0
|
| 952 |
f |
f |
|p ric
|a Texas A&M University
|b Rellis Campus
|c Joint Library Facility
|d Remote Storage
|t 0
|e ML89 .M35 1970
|h Library of Congress classification
|i unmediated -- volume
|m A14809429648
|
| 998 |
f |
f |
|a ML89 .M35 1970
|t 0
|l Remote Storage
|